Technical change and economic theory

Đã lưu trong:
Sonraí Bibleagrafaíochta
Formáid: Leabhar
Teanga:Undetermined
Foilsithe: London Pinter Publisher 1988
Ábhair:
Clibeanna: Cuir Clib Leis
Gan Chlibeanna, Bí ar an gcéad duine leis an taifead seo a chlibeáil!
Thư viện lưu trữ: Trung tâm Học liệu Trường Đại học Cần Thơ
LEADER 00506nam a2200181Ia 4500
001 CTU_86267
008 210402s9999 xx 000 0 und d
082 |a 338.06 
082 |b T255 
245 0 |a Technical change and economic theory 
245 0 |c Giovanni Dosi, ... [et al.] 
260 |a London 
260 |b Pinter Publisher 
260 |c 1988 
650 |a Economics,Technology innovation 
650 |x Economics aspects 
904 |i Năm 
980 |a Trung tâm Học liệu Trường Đại học Cần Thơ